| 000 | 00650nam 2200169 4500 | ||
|---|---|---|---|
| 001 | 6071 | ||
| 090 | _a6071 | ||
| 100 | _a20190729k u||y0frey50 ba | ||
| 101 | _ager | ||
| 200 |
_aDie sieben Illusionen über die Atomenergie _bBrochure _fAerzte für soziale Verantwortung (PSR-Schweiz) |
||
| 210 |
_bPostfach 1040, 4001 Basel _cAerzte für soziale Verantwortung (PSR-Schweiz) |
||
| 215 |
_a51 p. _d30 cm. |
||
| 300 | _aSans date. | ||
| 606 |
_9648 _aNucléaire (Energie) |
||
| 606 |
_95576 _aNucléaire (Armement) |
||
| 710 |
_95780 _aPSR/IPPN Schweiz _bÄrztinnen u. Ärtze für soziale Verantwortung und zur Verhütung eines Atomkrieges |
||
| 801 |
_aCH _bCH-002049-8 |
||